01361njm a2200313Ia 450000100060000000300090000600500170001500800410003204000130007304000130008610000110009910000180011010000380012824500230016625000110018926000110020026000120021130000100022330000290023350000380026250502590030051100400055965000530059970000590065270000840071170000830079570000770087870000920095524203IT-RoPAU20220918181158.0131025s9999 xx 000 0 und d aIT-RoPAU cIT-RoPAU aAA.VV. eAutore musica gCodice autore musica SPICS: 12000 aRussie de toujours a1a ed. aFRANCE bFONTANA aDISCO c34 minuti (Testo: pag.) aMusica strumentale. Arrangiamento aLes deux guitares - Le sarafan rouge - Katioucha - Les yeux noirs - Les batelliers de la Volga - Kalinka - Le cocher de la troika - Evenings Bells "Les cloches du soir" - Stenka Razine - Bublitschki - Plaine, ma plaine (3:00) - Le temps du muguet (3:00) aPaul Mauriat at son Grand Orchestre aSTRUMENTALE [DISCHI]eCodice MATERIA SPICS: 9950 aMauriat PauleIntepretegCodice interprete SPICS: 8082 aKnipper L.eAutore musicagCodice autore musica SPICS: 16903pPlaine, ma plaine aSolovieveAutore musicagCodice autore musica SPICS: 16147pLe temps du muguet aLemarque FranciseAutoregCodice autore SPICS: 15558pLe temps du muguet aSodoieAutore testo/musicagCodice autore testo/musica SPICS: 27351pLe temps du muguet